| 000 | 01144nam a2200349 a 4500 | ||
|---|---|---|---|
| 001 | 0000428 | ||
| 003 | DO-SdBPM | ||
| 005 | 20250813082939.0 | ||
| 007 | ta | ||
| 008 | 091125s1996 sp a 000 0 spa d | ||
| 020 | _a8432981532 | ||
| 040 |
_aDO-SdBPM _bspa _cBPMSU _erda |
||
| 082 | 4 |
_a745.54 _bK79o 1996 _222 |
|
| 100 | 1 |
_aKõhnen, Dieter. _eautor |
|
| 245 | 1 | 0 |
_aOriginales manualidades con corazones : _b con patrones a tamaño natural / _c Dieter Kohnen ; traducción Elena Rius. |
| 260 |
_a _b _c |
||
| 264 |
_aBarcelona : _bEdiciones Ceac, _c1996 |
||
| 300 |
_a47 páginas : _bilustraciones ; _c22 cm. _e |
||
| 336 |
_atexto _btxt _2rdacontent |
||
| 337 |
_asin mediación _bn _2rdamedia |
||
| 338 |
_avolumen _bnc _2rdacarrier |
||
| 490 | 0 | _aHobby creativo | |
| 534 |
_pTítulo original. _t Origineller bastelspass rund ums herz. |
||
| 590 | _aInventariado, 2025/VM | ||
| 650 | 7 |
_a Trabajos en papel _x |
|
| 650 | 7 | _aPapel (Obras manuales) | |
| 650 | 7 | _aTrabajos manuales (Educación) | |
| 654 | _v | ||
| 700 | 1 |
_a Rius, Elena _etraducción |
|
| 910 | _a VMateo V. Control de calidad. BPMSU | ||
| 942 |
_2ddc _cBK |
||
| 999 |
_c15327 _d15327 |
||